000 00438nam a2200169Ia 4500
008 151213s9999 xx 000 0 und d
020 _a984-643-117-7
082 _a821.1
_b821.1
100 _aT.S Eliot
245 _aAn Evaluation of His Poetry
_cT.S Eliot
260 _aDhaka
_bFriends Book Corner
_c2007
300 _a11807 p.
650 _aEnglish Literature
650 _aEnglish Literature
700 _aT.S Eliot
999 _c5048
_d5048